The Beatles Lyrics 1966-69 - Statistics

General Stats
  • This quiz has been taken 346 times
  • The average score is 15 of 30
Answer Stats
Hint Song % Correct
We hope you will enjoy the show Sgt. Pepper's Lonely Hearts Club Band
93%
Sweet Loretta Martin thought she was a woman Get Back
86%
Nothing's gonna change my world Across The Universe
73%
He didn't notice that the lights had changed A Day In The Life
73%
Got a good reason for taking the easy way out Day Tripper
65%
No one I think is in my tree Strawberry Fields Forever
62%
Friday night arrives without a suitcase Lady Madonna
58%
Rose and Valerie screaming from the gallery say he must go free Maxwell's Silver Hammer
58%
We would be warm below the storm Octopus's Garden
58%
Leaving the note that she hoped would say more She's Leaving Home
54%
I'm painting my room in the colorful way Fixing A Hole
51%
Been away so long I hardly knew the place Back In The U.S.S.R.
50%
You and I have memories Two Of Us
50%
Standing in the dock at Southampton The Ballad Of John And Yoko
49%
There's a fog upon L.A. Blue Jay Way
47%
You keep all your money in a big brown bag inside a zoo Baby You're A Rich Man
46%
All the money's gone, nowhere to go You Never Give Me Your Money
44%
I have always thought that it's a crime We Can Work It Out
42%
I can make it longer if you like the style Paperback Writer
41%
And so I quit the police department / And got myself a steady job She Came In Through The Bathroom Window
41%
Nothing to say but what a day, how's your boy been Good Morning Good Morning
39%
You were in a car crash / And you lost your hair Don't Pass Me By
38%
She takes her time and doesn't feel she has to hurry For No One
38%
Some kind of happiness is measured out in miles Hey Bulldog
36%
If looks could kill it would have been us instead of him The Continuing Story Of Bungalow Bill
36%
When your prized possessions start to weigh you down And Your Bird Can Sing
35%
Are you going to be in my dreams tonight? The End
33%
Oh please believe me, I'd hate to miss the train I've Got A Feeling
28%
All day long I'm sitting singing songs for everyone Mother Nature's Son
27%
When I get near you / The games begin to drag me down I Want To Tell You
16%
No matching quizzes found
Score Distribution
Percent of People with Each Score
Percentile by Number Answered
Your Score History
You have not taken this quiz